000 01199cam a22002771i 4500
003 OSt
005 20241224090939.0
008 241219s1996 su f f00010 ara d
020 _a9660829049
040 _aSA-MaUQU
_bara
_cSA-RiAUC
_erda
043 _aa-su---
082 0 4 _a332.175
_qSA-RiAUC
090 _a332.175
_bغ ر ف
110 2 _aالغرفة التجارية الصناعية (مكة المكرمة).
_bمركز البحوث
_eمؤلف.
245 1 2 _aالبنوك التجارية ودورها في تمويل المشاريع التجارية /
_cالغرفة التجارية الصناعية بمكة المكرمة.
264 1 _aمكة المكرمة :
_bالغرفة التجارية الصناعية، مركز البحوث،
_c1996
300 _a143 صفحة ؛
_c24 سم.
336 _aنص
_btxt
_2rdacontent
_3كتاب
337 _aبدون وسيط
_bn
_2rdamedia
338 _aمجلد
_bnc
_2rdacarrier
490 1 _aرسائل جامعية ؛
_v75
650 7 _aالبنوك التجارية
_zالسعودية
_xإدارة
_2aucsh
650 7 _aتمويل المشروعات
_zالسعودية
_2aucsh
942 _2ddc
_cBOOK
_n0
949 _aSA-JeALM
_d241219
_uosman123
_n1
999 _c3894
_d3894